Some ecological factors affecting the life-style of Canthon cyanellus cyanellus (Coleoptera Scarabaeidae) (Registro nro. 13231)

Detalles MARC
000 -CABECERA
Campo de control 004160000a22001090004500
090 ## - CLASIFICACIÓN LOCAL
Colección AR
Consecutivo 04133
100 1# - ASIENTO PRINCIPAL--NOMBRE PERSONAL
Nombre personal Favila, Mario E.
245 10 - MENCION DE TITULO
Título Some ecological factors affecting the life-style of Canthon cyanellus cyanellus (Coleoptera Scarabaeidae)
Version an experimental approach
500 ## - NOTA GENERAL
Nota general <Literatura de escarabajos coprófagos>
773 1# - Item fuente:
Título Ethology Ecology & Evolution
Descripción física 3
Paginas del Articulo 319-328
Lugar, editorial y fecha de publicación 1993
Información sobre la relación 5
942 ## - ELEMENTOS ADICIONALES (KOHA)
Tipo de ítem Artículo
Existencias
Withdrawn status Lost status Damaged status No para préstamo Colección Ubicación Permanente Ubicación actual Fecha de adquisición Fuente de Valor Datos de publicación Seriada Total Checkouts Número topográfico Inventario / Código de Barras Date last seen Ejemplar Price effective from Forma de adquisición Tipo de material
      No para Préstamo Hemeroteca Bogotá Bogotá 26/10/2006 Trujillo, Diego Fuera de circulación   AR 04133 023551 25/03/2015 1 25/03/2015   Artículo